5 Best, 5 Positions, 5 Years- Inter 2005-2010 - Statistics

General Stats
  • This quiz has been taken 31 times
  • The average score is 18 of 25
Answer Stats
Hint Answer % Correct
Centre-Forwards1. Argentina Diego Milito
100%
2. Sweden Zlatan Ibrahimovic
100%
Centre-Midfielders1. Argentina Javier Zanetti
95%
Full-Backs1. Argentina Javier Zanetti
95%
3. Cameroon Samuel Eto’o
95%
2. Brazil Maicon
90%
4. Brazil Adriano
86%
2. Argentina Esteban Cambiasso
86%
2. North Macedonia Goran Pandev
86%
5. Argentina Hernan Crespo
86%
2. Argentina Walter Samuel
86%
Wingers1. Netherlands Wesley Sneijder
86%
3. Brazil Lucio
81%
3. Romania Christian Chivu
76%
4. Serbia Dejan Stankovic
76%
3. Portugal Luis Figo
76%
Centre-Backs1. Italy Marco Materazzi
71%
5. France Patrick Vieira
67%
4. Colombia Ivan Cordoba
62%
4. Portugal Ricardo Quaresma
48%
3. Brazil/Italy Thiago Motta
43%
5. Argentina Nicolas Burdisso
29%
5. Brazil Mancini
19%
4. Brazil Maxwell
14%
5. Italy Davide Santon
5%
No matching quizzes found
Score Distribution
Percent of People with Each Score
Percentile by Number Answered
Your Score History
You have not taken this quiz